[Event "World-chT Rapid"]
[White "Korchynskyi, Mykola"]
[Black "Kuckling, Hannah"]
[Site "Duesseldorf"]
[Round "9"]
[Result "1-0"]
[Date "2023.08.28"]
[WhiteElo "2016"]
[BlackElo "2057"]
[PlyCount "65"]
[EventDate "2023.08.26"]
[EventType "team-swiss (rapid)"]
[EventRounds "12"]
[EventCountry "GER"]
[SourceTitle "CBM 215 Extra"]
[Source "ChessBase"]
[SourceDate "2023.09.30"]
[SourceVersion "1"]
[SourceVersionDate "2023.09.30"]
[SourceQuality "1"]
[WhiteTeam "Chess Wizzards"]
[BlackTeam "Phile Khoob CC"]
[WhiteTeamCountry "UKR"]
[BlackTeamCountry "IRI"]

1. d4 d5 2. c4 e6 3. Nc3 a6 4. cxd5 exd5 5. Nf3 Nf6 6. Bg5 Be7 7. e3 c6 8. Bd3 Nbd7 9. 0-0 Nf8 10. Ne5 Ng6 11. f4 Nxe5 12. fxe5 Ng4 13. Qf3 Rf8 14. Bxe7 Qxe7 15. e4 Qb4 16. exd5 Qxd4+ 17. Kh1 Nxe5 18. Rae1 Be6 19. Qg3 Qxd3 20. Qxe5 0-0-0 21. dxe6 fxe6 22. Qxe6+ Kb8 23. Qe5+ Ka8 24. Rxf8 Rxf8 25. h3 Qd2 26. Na4 Qf2 27. Qe3 Qf5 28. Rd1 Qc2 29. Nb6+ Kb8 30. Nd7+ Ka8 31. Rc1 Qf2 32. Qe7 Qf4 33. Qxf8+ 1-0

[Event "World-chT Rapid"]
[White "Kuckling, Hannah"]
[Black "Berndt, Matthias"]
[Site "Duesseldorf"]
[Round "10"]
[Result "1-0"]
[Date "2023.08.28"]
[WhiteElo "2057"]
[BlackElo "2072"]
[PlyCount "45"]
[EventDate "2023.08.26"]
[EventType "team-swiss (rapid)"]
[EventRounds "12"]
[EventCountry "GER"]
[SourceTitle "CBM 215 Extra"]
[Source "ChessBase"]
[SourceDate "2023.09.30"]
[SourceVersion "1"]
[SourceVersionDate "2023.09.30"]
[SourceQuality "1"]
[WhiteTeam "Phile Khoob CC"]
[BlackTeam "Magdeburg and Friends"]
[WhiteTeamCountry "IRI"]
[BlackTeamCountry "GER"]

1. e4 e6 2. Qe2 b6 3. g3 Bb7 4. Bg2 Nf6 5. f4 d5 6. e5 Nfd7 7. d4 c5 8. c3 Ba6 9. Qf2 Nc6 10. Ne2 cxd4 11. cxd4 Nb4 12. 0-0 Nc2 13. Nbc3 Nxa1 14. f5 Nxe5 15. fxe6 fxe6 16. Qf4 Bd6 17. dxe5 Bc5+ 18. Kh1 Qd7 19. Qh4 Nc2 20. Bf3 Ne3 21. Bxe3 Bxe3 22. Bh5+ g6 23. Bxg6+ 1-0

[Event "World-chT Rapid"]
[White "Strahl, Christian"]
[Black "Kuckling, Hannah"]
[Site "Duesseldorf"]
[Round "5.18"]
[Result "1-0"]
[Date "2023.08.27"]
[WhiteElo "1857"]
[BlackElo "2057"]
[PlyCount "205"]
[EventDate "2023.08.26"]
[EventType "team-swiss (rapid)"]
[EventRounds "12"]
[EventCountry "GER"]
[SourceTitle "CBM 215 Extra"]
[Source "ChessBase"]
[SourceDate "2023.09.30"]
[SourceVersion "1"]
[SourceVersionDate "2023.09.30"]
[SourceQuality "1"]
[WhiteTeam "Bayreuth Unischach"]
[BlackTeam "Phile Khoob CC"]
[WhiteTeamCountry "GER"]
[BlackTeamCountry "IRI"]

1. e4 c5 2. Nf3 e6 3. g3 Nc6 4. Bg2 d6 5. 0-0 Nf6 6. Qe2 Be7 7. c3 Qb6 8. Rd1 e5 9. h3 0-0 10. Na3 Re8 11. d3 h6 12. Nc4 Qa6 13. Nh4 b5 14. Ne3 Bf8 15. Rf1 b4 16. Nd5 Nxd5 17. exd5 Ne7 18. c4 g5 19. Nf3 Ng6 20. Nh2 Bd7 21. Qh5 Qc8 22. Ng4 Bxg4 23. hxg4 Bg7 24. Be4 Nf8 25. Kg2 Qd8 26. Bd2 Nd7 27. Rh1 Nf6 28. Qh3 a5 29. Bf5 e4 30. Rae1 exd3 31. f4 Qc7 32. fxg5 Rxe1 33. Rxe1 Re8 34. gxf6 Rxe1 35. Bxe1 Bxf6 36. Bxd3 Bg5 37. Bf2 Qe7 38. Qh1 Qe5 39. Qe1 Qxb2 40. Qe2 Qc1 41. Qe8+ Kg7 42. Qe2 Qc3 43. Qc2 Qe5 44. Bf5 Qa1 45. Kf3 Qh1+ 46. Ke2 Qa1 47. Be1 Qe5+ 48. Kf2 Qd4+ 49. Kg2 Qe3 50. Bf2 Qe5 51. Qa4 Qb2 52. Qb3 Qd2 53. Kf3 Qc1 54. Qc2 Qh1+ 55. Ke2 Qa1 56. Qb1 Qe5+ 57. Kf3 Qc3+ 58. Kg2 Qd2 59. Qa1+ Bf6 60. Qb1 Bd4 61. Qe1 Qxa2 62. Kg1 Qxf2+ 63. Qxf2 Bxf2+ 64. Kxf2 a4 65. Bc2 b3 66. Bd1 b2 67. Bc2 a3 68. Bb1 Kf6 69. Ke3 Ke5 70. Kd3 f5 71. gxf5 Kxf5 72. Kc3+ Kg4 73. Kb3 Kxg3 74. Kxa3 Kf3 75. Kxb2 Ke3 76. Kc3 h5 77. Bf5 h4 78. Bh3 Ke2 79. Kb3 Kd3 80. Bf1+ Kd4 81. Kc2 Ke4 82. Kc3 Ke3 83. Bh3 Ke4 84. Be6 Ke3 85. Bf5 Kf4 86. Bh3 Ke3 87. Bg2 Kf2 88. Bh1 Ke3 89. Bg2 Ke2 90. Kb3 Kd3 91. Bf1+ Kd4 92. Ka4 h3 93. Bxh3 Kxc4 94. Be6 Kd4 95. Kb5 c4 96. Kc6 Ke5 97. Bg8 Kf6 98. Bh7 Ke7 99. Bc2 c3 100. Bd3 Ke8 101. Kxd6 Kd8 102. Kc6 Kc8 103. d6 1-0

[Event "World-chT Rapid"]
[White "Kuckling, Hannah"]
[Black "Dordevic, Tom"]
[Site "Duesseldorf"]
[Round "4.12"]
[Result "0-1"]
[Date "2023.08.26"]
[WhiteElo "2057"]
[BlackElo "1998"]
[PlyCount "104"]
[EventDate "2023.08.26"]
[EventType "team-swiss (rapid)"]
[EventRounds "12"]
[EventCountry "GER"]
[SourceTitle "CBM 215 Extra"]
[Source "ChessBase"]
[SourceDate "2023.09.30"]
[SourceVersion "1"]
[SourceVersionDate "2023.09.30"]
[SourceQuality "1"]
[WhiteTeam "Phile Khoob CC"]
[BlackTeam "Mitropa Chess Association"]
[WhiteTeamCountry "IRI"]
[BlackTeamCountry "GER"]

1. e4 c5 2. Nc3 e6 3. f4 d5 4. Bb5+ Bd7 5. Bxd7+ Qxd7 6. d3 b5 7. Nf3 b4 8. Ne2 dxe4 9. dxe4 Qxd1+ 10. Kxd1 Nf6 11. Ng3 Nc6 12. Be3 h5 13. Ng5 h4 14. Nf1 Be7 15. Nd2 e5 16. Nc4 Ng4 17. Nh3 Rd8+ 18. Ke1 Na5 19. Nxa5 Nxe3 20. Kf2 Nxc2 21. Rad1 exf4 22. Nxf4 Nd4 23. Nd5 Bd6 24. Nb7 Rd7 25. Nxd6+ Rxd6 26. Rc1 Ne6 27. Rhd1 Rd8 28. Ke3 Rh5 29. Rd2 Re5 30. Rcd1 Nd4 31. Nxb4 f5 32. Nd3 Rxe4+ 33. Kf2 Ne6 34. h3 Red4 35. Ke2 Rxd3 36. Rxd3 Nf4+ 37. Ke3 Rxd3+ 38. Rxd3 Nxd3 39. Kxd3 Kd7 40. Kc4 Kc6 41. a3 a5 42. b3 g6 43. a4 g5 44. Kc3 Kd5 45. Kd3 g4 46. Ke3 gxh3 47. gxh3 Ke5 48. Kf3 f4 49. Kg4 Ke4 50. Kxh4 f3 51. Kg3 Ke3 52. h4 f2 0-1

[Event "World-chT Rapid"]
[White "Kuckling, Hannah"]
[Black "Mueller, Konstantin"]
[Site "Duesseldorf"]
[Round "3.17"]
[Result "1-0"]
[Date "2023.08.26"]
[WhiteElo "2057"]
[BlackElo "1696"]
[PlyCount "133"]
[EventDate "2023.08.26"]
[EventType "team-swiss (rapid)"]
[EventRounds "12"]
[EventCountry "GER"]
[SourceTitle "CBM 215 Extra"]
[Source "ChessBase"]
[SourceDate "2023.09.30"]
[SourceVersion "1"]
[SourceVersionDate "2023.09.30"]
[SourceQuality "1"]
[WhiteTeam "Phile Khoob CC"]
[BlackTeam "Deutsche Schachjugend II"]
[WhiteTeamCountry "IRI"]
[BlackTeamCountry "GER"]

1. e4 c5 2. Nc3 Nc6 3. Bb5 Nf6 4. Bxc6 bxc6 5. d3 d5 6. f4 dxe4 7. dxe4 Qxd1+ 8. Kxd1 Bg4+ 9. Ke1 g6 10. Be3 Rb8 11. Rb1 Bg7 12. h3 Bc8 13. Nf3 Ba6 14. Kf2 Nd7 15. Na4 Rb4 16. Nxc5 Nxc5 17. Bxc5 Rxe4 18. Rhe1 Rxe1 19. Rxe1 e6 20. Ne5 Bxe5 21. Rxe5 Kd7 22. Bxa7 Ra8 23. Bc5 Rb8 24. b3 Kc7 25. Re4 Rd8 26. Ke1 Rd5 27. Be3 Bc8 28. Ra4 Bb7 29. Rb4 h5 30. a4 Ba6 31. a5 c5 32. Rb6 Bb7 33. c4 Rd3 34. Ke2 Rd8 35. Bxc5 Bxg2 36. b4 Be4 37. Ke3 Bd3 38. Bd6+ Rxd6 39. Rxd6 Bxc4 40. Rd4 Bb5 41. h4 Bc6 42. Rc4 Kb7 43. Rc5 Bd5 44. Kd4 f6 45. b5 Kb8 46. Rxd5 exd5 47. Kxd5 Kb7 48. Ke4 Kc7 49. a6 Kb6 50. f5 g5 51. hxg5 fxg5 52. Kf3 Kc7 53. a7 Kb7 54. b6 Ka8 55. f6 Kb7 56. f7 g4+ 57. Kg3 h4+ 58. Kxh4 g3 59. Kxg3 Kxb6 60. a8Q Kc5 61. Qd8 Kc4 62. Kf3 Kb3 63. Qc7 Kb4 64. Ke4 Ka3 65. Qb6 Ka2 66. Kd3 Ka1 67. Ke4 1-0

[Event "GER-chT Federal Cup (Women)"]
[White "Kuckling, Hannah"]
[Black "Ries, Jutta"]
[Site "Braunfels"]
[Round "2.5"]
[Result "1/2-1/2"]
[Date "2022.06.17"]
[WhiteElo "2070"]
[BlackElo "2015"]
[PlyCount "89"]
[EventDate "2022.06.15"]
[EventType "team-swiss"]
[EventRounds "5"]
[EventCountry "GER"]
[SourceTitle "EXT 2023"]
[Source "ChessBase"]
[SourceDate "2022.10.05"]
[SourceVersion "1"]
[SourceVersionDate "2022.10.05"]
[SourceQuality "1"]

1. e4 Nf6 2. e5 Nd5 3. d4 d6 4. Nf3 g6 5. exd6 cxd6 6. c4 Nb6 7. Be3 Bg7 8. Bd3 Nc6 9. h3 0-0 10. Nc3 Nb4 11. Be2 d5 12. c5 Nc4 13. Qb3 Nxe3 14. fxe3 Nc6 15. Qxd5 Qc7 16. 0-0 e5 17. Qc4 exd4 18. exd4 Qg3 19. Ne4 Qf4 20. Nfg5 Qe3+ 21. Kh1 Bf5 22. d5 Ne5 23. Qc2 Qxg5 24. Nxg5 Bxc2 25. Rac1 Bd3 26. Bxd3 Nxd3 27. Rc2 h6 28. Ne4 Rad8 29. d6 Rfe8 30. Nf2 Nxf2+ 31. Rfxf2 Rd7 32. b4 a6 33. a4 Re4 34. b5 Be5 35. g4 axb5 36. axb5 Re1+ 37. Kg2 Rd8 38. Rfd2 Bf4 39. Rd4 Be5 40. Rd5 Bf4 41. Rc4 g5 42. c6 bxc6 43. bxc6 Bxd6 44. Rcd4 Re6 45. c7 1/2-1/2

[Event "GER-chT Federal Cup (Women)"]
[White "Malachowski, Margrit"]
[Black "Kuckling, Hannah"]
[Site "Braunfels"]
[Round "1.5"]
[Result "1/2-1/2"]
[Date "2022.06.16"]
[WhiteElo "2061"]
[BlackElo "2070"]
[PlyCount "62"]
[EventDate "2022.06.15"]
[EventType "team-swiss"]
[EventRounds "5"]
[EventCountry "GER"]
[SourceTitle "EXT 2023"]
[Source "ChessBase"]
[SourceDate "2022.10.05"]
[SourceVersion "1"]
[SourceVersionDate "2022.10.05"]
[SourceQuality "1"]

1. Nf3 Nf6 2. g3 g6 3. Bg2 Bg7 4. c4 d6 5. 0-0 e5 6. d3 0-0 7. Nc3 Nc6 8. Bg5 h6 9. Bxf6 Bxf6 10. Rb1 Be6 11. b4 Qd7 12. e3 Bg7 13. Qc2 f5 14. Nd5 g5 15. b5 Nd8 16. Nd2 c6 17. bxc6 bxc6 18. Nc3 f4 19. Ne2 Qf7 20. exf4 gxf4 21. f3 fxg3 22. hxg3 Qg6 23. Rb3 h5 24. Qd1 Nf7 25. Ne4 Rad8 26. Ra3 Rd7 27. Qe1 Nh6 28. Ra6 Rc7 29. Qa5 Rff7 30. Nxd6 Rfd7 31. Ne4 Re7 1/2-1/2

[Event "BL2 West 1819 (Women)"]
[White "Leveikina, Jevgenija"]
[Black "Kuckling, Hannah"]
[Site "Germany"]
[Round "7.1"]
[Result "1/2-1/2"]
[Date "2019.01.13"]
[WhiteElo "2120"]
[BlackElo "2122"]
[PlyCount "118"]
[EventDate "2018.10.27"]
[EventType "team-tourn"]
[EventRounds "7"]
[EventCountry "GER"]
[SourceTitle "CBM 190 Extra"]
[Source "ChessBase"]
[SourceDate "2019.07.15"]
[SourceVersion "1"]
[SourceVersionDate "2019.07.15"]
[SourceQuality "1"]
[WhiteTeam "Bochum Wattenscheid (W)"]
[BlackTeam "Paderborn Blauer Springer (W)"]
[WhiteTeamCountry "GER"]
[BlackTeamCountry "GER"]

1. e4 c5 2. c3 Nf6 3. e5 Nd5 4. d4 cxd4 5. Qxd4 Nb6 6. Nf3 Nc6 7. Qe4 d5 8. exd6 Qxd6 9. Bb5 Qd5 10. Qxd5 Nxd5 11. Ne5 Bd7 12. Nxd7 Kxd7 13. 0-0 Rd8 14. Nd2 e5 15. Nc4 f6 16. Ne3 Nxe3 17. Bxe3 Kc7 18. Rfd1 Be7 19. Kf1 f5 20. f3 a6 21. Bc4 b5 22. Be6 g6 23. Ke2 Bf6 24. Rxd8 Rxd8 25. a4 bxa4 26. Rxa4 a5 27. Ra3 Kd6 28. Bc4 Rb8 29. Rb3 Rxb3 30. Bxb3 Bd8 31. Bg8 f4 32. Bf2 h6 33. Bc4 Bc7 34. Bd3 g5 35. Be4 Ne7 36. Kd3 h5 37. Kc4 g4 38. Bc5+ Ke6 39. Bf2 Kd6 40. Bc5+ Ke6 41. b4 axb4 42. cxb4 gxf3 43. Bxf3 h4 44. Bf2 Nf5 45. Bg4 Bd8 46. Kd3 Kf6 47. b5 Kg5 48. Bf3 Nd6 49. b6 Kf5 50. b7 Bc7 51. Bc6 e4+ 52. Ke2 f3+ 53. gxf3 exf3+ 54. Kxf3 Nxb7 55. Bxb7 Bxh2 56. Bxh4 Be5 57. Bc8+ Kg6 58. Kg4 Kg7 59. Kf5 Ba1 1/2-1/2

[Event "BL2 West 1819 (Women)"]
[White "Kuckling, Hannah"]
[Black "Scognamiglio, Stefanie"]
[Site "Germany"]
[Round "1.1"]
[Result "1-0"]
[Date "2018.10.27"]
[WhiteElo "2094"]
[BlackElo "2080"]
[PlyCount "179"]
[EventDate "2018.10.27"]
[EventType "team-tourn"]
[EventRounds "7"]
[EventCountry "GER"]
[SourceTitle "CBM 190 Extra"]
[Source "ChessBase"]
[SourceDate "2019.07.15"]
[SourceVersion "1"]
[SourceVersionDate "2019.07.15"]
[SourceQuality "1"]
[WhiteTeam "Paderborn Blauer Springer (W)"]
[BlackTeam "Hamburger SK (W) II"]
[WhiteTeamCountry "GER"]
[BlackTeamCountry "GER"]

1. e4 c5 2. Nf3 Nc6 3. b4 Nxb4 4. c3 Nc6 5. d4 d5 6. exd5 Qxd5 7. Be2 cxd4 8. cxd4 e6 9. 0-0 Qa5 10. Bd2 Bb4 11. a3 Nf6 12. Bxb4 Nxb4 13. axb4 Qxa1 14. Qb3 Nd5 15. Bc4 a5 16. Bxd5 axb4 17. Bc4 0-0 18. Qxb4 Qa4 19. Qc3 Bd7 20. Qd3 h6 21. Ne5 Bc6 22. Nc3 Qa3 23. Ba2 Bb5 24. Nxb5 Qxd3 25. Nxd3 Rxa2 26. Ne5 Rd8 27. Rb1 Rc2 28. g3 Rd5 29. Kg2 h5 30. h4 g6 31. Rb4 Kg7 32. Na3 Rc7 33. Nf3 Rc3 34. Nb1 Rc7 35. Rb6 e5 36. dxe5 Rd3 37. Nbd2 Rdc3 38. Nd4 Rd3 39. N2f3 Rd7 40. Rb4 Re7 41. Rb6 Ra3 42. Rb5 Ra4 43. Nb3 Ra2 44. Nc5 Rc7 45. Ne4 Rc4 46. Nfg5 Rc7 47. Nd6 Rcc2 48. Nge4 Rab2 49. Rxb7 Rxb7 50. Nxb7 Ra2 51. Nbd6 Re2 52. Kf1 Ra2 53. Ng5 f5 54. Ne6+ Kh7 55. Nf4 Kg7 56. e6 Kf6 57. Nxg6 Kxe6 58. Nc4 Kd5 59. Ne3+ Ke4 60. Kg2 Ra6 61. Nf4 Rh6 62. Nc4 Kd4 63. Nd2 Ke5 64. Kf3 Kd4 65. Nf1 Ke5 66. Ke3 Rh7 67. Nd3+ Kf6 68. Kf4 Rd7 69. Ke3 Re7+ 70. Kf3 Kg6 71. Nf4+ Kh6 72. Ne3 Re5 73. Ne2 Ra5 74. Nd4 Kg6 75. Ndxf5 Ra2 76. Nd4 Rd2 77. Ne2 Ra2 78. Nf4+ Kh6 79. Nf5+ Kh7 80. Nxh5 Kg6 81. g4 Rb2 82. Nf4+ Kh7 83. g5 Ra2 84. h5 Ra5 85. Kg4 Ra2 86. f3 Ra1 87. g6+ Kh8 88. Kg5 Ra6 89. h6 Kg8 90. Ne7+ 1-0

[Event "GER-chT Federal Cup (Women)"]
[White "Kuckling, Hannah"]
[Black "Glinzner, Alva"]
[Site "Braunfels"]
[Round "1.1"]
[Result "1-0"]
[Date "2018.05.31"]
[WhiteElo "2093"]
[BlackElo "1612"]
[PlyCount "75"]
[EventDate "2018.05.31"]
[EventType "team-swiss"]
[EventRounds "5"]
[EventCountry "GER"]
[SourceTitle "EXT 2020"]
[Source "ChessBase"]
[SourceDate "2019.10.17"]
[SourceVersion "1"]
[SourceVersionDate "2019.10.17"]
[SourceQuality "1"]
[WhiteTeam "Nordrhein Westfalen (W)"]
[BlackTeam "Schleswig Holstein (W)"]
[WhiteTeamCountry "GER"]
[BlackTeamCountry "GER"]

1. e4 c5 2. Nc3 e6 3. f4 a6 4. Nf3 Qc7 5. d3 d6 6. Be2 Be7 7. 0-0 Nc6 8. Qe1 Nf6 9. Bd2 b5 10. Nd1 0-0 11. c3 Bb7 12. Qg3 Rfd8 13. f5 Qd7 14. Nh4 Kh8 15. Qh3 c4 16. dxc4 Nxe4 17. Bg4 Bc8 18. fxe6 fxe6 19. Re1 d5 20. Ng6+ Kg8 21. Nf4 Ng5 22. Qg3 Qd6 23. Nf2 dxc4 24. Rad1 e5 25. Nh5 Qg6 26. Bxg5 Rxd1 27. Rxd1 Bxg5 28. Bf3 e4 29. Rd6 Bh4 30. Rxg6 Bxg3 31. Rxg7+ Kh8 32. Bxe4 Bxf2+ 33. Kxf2 Ra7 34. Bxc6 Rxg7 35. Nxg7 Kxg7 36. Ke3 Kf6 37. Kd4 h5 38. a4 1-0

[Event "NRW Class2 1718"]
[White "Kuckling, Hannah"]
[Black "Okrajek, Alexander"]
[Site "Germany"]
[Round "8.6"]
[Result "1/2-1/2"]
[Date "2018.04.08"]
[WhiteElo "2090"]
[BlackElo "2078"]
[PlyCount "91"]
[EventDate "2017.09.17"]
[EventType "team-tourn"]
[EventRounds "9"]
[EventCountry "GER"]
[SourceTitle "EXT 2019"]
[Source "ChessBase"]
[SourceDate "2018.10.10"]
[SourceVersion "1"]
[SourceVersionDate "2018.10.10"]
[SourceQuality "1"]
[WhiteTeam "Lippstadt Turm"]
[BlackTeam "Siegburg"]
[WhiteTeamCountry "GER"]
[BlackTeamCountry "GER"]

1. e4 g6 2. d4 Bg7 3. Nc3 d6 4. Be3 a6 5. Qd2 b5 6. Nge2 Bb7 7. f3 Nd7 8. g4 c5 9. h4 h5 10. gxh5 Rxh5 11. Ng3 Rh8 12. h5 cxd4 13. Bxd4 Ne5 14. Be2 Nf6 15. h6 Bf8 16. 0-0-0 e6 17. Bxe5 dxe5 18. Qg5 Nd7 19. Qe3 Qb6 20. Qxb6 Nxb6 21. h7 Be7 22. a3 Rd8 23. Rxd8+ Bxd8 24. Nxb5 axb5 25. Bxb5+ Kf8 26. a4 Kg7 27. a5 Nc8 28. a6 Ba8 29. c4 Rxh7 30. Rxh7+ Kxh7 31. b4 Nd6 32. Kc2 f5 33. Bd7 Nxc4 34. Bxe6 f4 35. Nf1 Nb6 36. b5 Kg7 37. Kb3 Kf6 38. Bg4 Ke7 39. Nd2 Kd6 40. Nc4+ Nxc4 41. Kxc4 Bb6 42. Bh3 g5 43. Bg4 Bd4 44. Bf5 Kc7 45. Bg4 Kb6 46. Bf5 1/2-1/2

[Event "BL2 West 1718 (Women)"]
[White "Kuckling, Hannah"]
[Black "Freitag, Julia"]
[Site "Germany"]
[Round "6.1"]
[Result "1-0"]
[Date "2018.02.17"]
[WhiteElo "2057"]
[BlackElo "2161"]
[PlyCount "131"]
[EventDate "2017.10.14"]
[EventType "team-tourn"]
[EventRounds "7"]
[EventCountry "GER"]
[SourceTitle "EXT 2019"]
[Source "ChessBase"]
[SourceDate "2018.10.10"]
[SourceVersion "1"]
[SourceVersionDate "2018.10.10"]
[SourceQuality "1"]
[WhiteTeam "Paderborn Blauer Springer (W)"]
[BlackTeam "Steinfurt (W)"]
[WhiteTeamCountry "GER"]
[BlackTeamCountry "GER"]

1. e4 e6 2. Qe2 Be7 3. g3 d5 4. d3 Nf6 5. Bg2 c5 6. f4 Nc6 7. c3 b6 8. Nf3 Bb7 9. 0-0 Qc7 10. Na3 a6 11. Nc2 h6 12. Bd2 0-0-0 13. e5 Nd7 14. b4 Rdg8 15. d4 c4 16. b5 axb5 17. Rfb1 g5 18. Rxb5 gxf4 19. Bxf4 Rg6 20. a4 Rhg8 21. Rbb1 Na5 22. Nb4 Nf8 23. Ra2 Bd8 24. Kh1 Qd7 25. Nc2 Bc6 26. Rb4 Kb7 27. Nd2 Be7 28. Rb1 Ka7 29. Rba1 Nb3 30. Nxb3 cxb3 31. Rb2 bxc2 32. Bf1 Qb7 33. Qxc2 Nd7 34. a5 b5 35. Rab1 Bg5 36. Bxg5 Rxg5 37. Bxb5 Bxb5 38. Rxb5 Qc6 39. Qb2 Rc8 40. Rb7+ Ka8 41. a6 Rc7 42. Rb8+ Ka7 43. Rd8 Qxc3 44. Qxc3 Rxc3 45. Rxd7+ Kxa6 46. Rxf7 Rg4 47. Rf2 Ra3 48. Rf6 Rxd4 49. Rxe6+ Ka7 50. Rxh6 Re4 51. e6 d4 52. Rh7+ Ka6 53. Rd7 Ra2 54. Rd8 Ka7 55. e7 Rxe7 56. Rxd4 Rh7 57. h4 Re7 58. h5 Re3 59. Rg4 Ra5 60. Kg2 Rea3 61. Rg7+ Ka8 62. Rf1 Ra2+ 63. Kg1 Rb2 64. Rf8+ Rb8 65. Rxb8+ Kxb8 66. g4 1-0

[Event "BL2 West 1718 (Women)"]
[White "Schmidt, Andrea"]
[Black "Kuckling, Hannah"]
[Site "Germany"]
[Round "3.1"]
[Result "1/2-1/2"]
[Date "2017.12.17"]
[WhiteElo "2005"]
[BlackElo "2057"]
[PlyCount "45"]
[EventDate "2017.10.14"]
[EventType "team-tourn"]
[EventRounds "7"]
[EventCountry "GER"]
[SourceTitle "EXT 2019"]
[Source "ChessBase"]
[SourceDate "2018.10.10"]
[SourceVersion "1"]
[SourceVersionDate "2018.10.10"]
[SourceQuality "1"]
[WhiteTeam "Wattenscheid (W)"]
[BlackTeam "Paderborn Blauer Springer (W)"]
[WhiteTeamCountry "GER"]
[BlackTeamCountry "GER"]

1. e4 c5 2. Nf3 e6 3. d4 cxd4 4. Nxd4 Nc6 5. Nb5 d6 6. c4 Nf6 7. N1c3 a6 8. Na3 Be7 9. Be2 Qc7 10. 0-0 0-0 11. Be3 Nb8 12. Rc1 Nbd7 13. f3 b6 14. Qe1 Bb7 15. Qf2 Rac8 16. Rfd1 Rfe8 17. Kh1 Bd8 18. Nab5 axb5 19. Nxb5 Qb8 20. Nxd6 Bc7 21. Nxe8 Rxe8 22. Qg1 Nf8 23. Bxb6 1/2-1/2

[Event "BL2 West 1718 (Women)"]
[White "Kuckling, Hannah"]
[Black "Genova, Liubka"]
[Site "Germany"]
[Round "1.1"]
[Result "0-1"]
[Date "2017.10.14"]
[WhiteElo "2057"]
[BlackElo "2211"]
[PlyCount "96"]
[EventDate "2017.10.14"]
[EventType "team-tourn"]
[EventRounds "7"]
[EventCountry "GER"]
[SourceTitle "EXT 2019"]
[Source "ChessBase"]
[SourceDate "2018.10.10"]
[SourceVersion "1"]
[SourceVersionDate "2018.10.10"]
[SourceQuality "1"]
[WhiteTeam "Paderborn Blauer Springer (W)"]
[BlackTeam "Hamburger SK (W) II"]
[WhiteTeamCountry "GER"]
[BlackTeamCountry "GER"]

1. e4 c5 2. Nf3 e6 3. d3 Nc6 4. g3 g6 5. Bg5 Qb6 6. Nbd2 Bg7 7. Nc4 Qc7 8. a4 d6 9. Bg2 Nge7 10. Qd2 h6 11. Be3 e5 12. h4 Be6 13. Bh3 d5 14. exd5 Bxd5 15. Qe2 b6 16. 0-0 0-0 17. Bd2 f5 18. Bc3 Bxc4 19. dxc4 Nd4 20. Nxd4 cxd4 21. Bb4 a5 22. Ba3 h5 23. Rac1 e4 24. Rfd1 Rae8 25. c5 bxc5 26. Qc4+ Kh7 27. Qxc5 Nc6 28. Bf1 Be5 29. Bb5 Rf6 30. Kg2 f4 31. Qd5 fxg3 32. fxg3 Bxg3 33. Rf1 Re5 34. Rxf6 Rxd5 35. Rxc6 Qb8 36. Rf6 Rf5 37. Rf1 Kg7 38. R1xf5 gxf5 39. Rxf5 Bxh4 40. Bf8+ Kg6 41. Rf1 Bf6 42. Bc5 Qe5 43. b4 axb4 44. Bxb4 Qg5+ 45. Kf2 Qf4+ 46. Kg2 Qg4+ 47. Kh1 Qh3+ 48. Kg1 d3 0-1

[Event "NRW Class2 1718"]
[White "Darwisch, Khaled"]
[Black "Kuckling, Hannah"]
[Site "Germany"]
[Round "1.6"]
[Result "1-0"]
[Date "2017.09.17"]
[WhiteElo "2078"]
[BlackElo "2066"]
[PlyCount "85"]
[EventDate "2017.09.17"]
[EventType "team-tourn"]
[EventRounds "9"]
[EventCountry "GER"]
[SourceTitle "EXT 2019"]
[Source "ChessBase"]
[SourceDate "2018.10.10"]
[SourceVersion "1"]
[SourceVersionDate "2018.10.10"]
[SourceQuality "1"]
[WhiteTeam "Suedlohn"]
[BlackTeam "Lippstadt Turm"]
[WhiteTeamCountry "GER"]
[BlackTeamCountry "GER"]

1. e4 c5 2. d3 e6 3. g3 d5 4. Nd2 Nc6 5. Bg2 g6 6. Ngf3 Bg7 7. 0-0 Nge7 8. c3 0-0 9. Re1 b5 10. Qc2 Bb7 11. Nb3 Qb6 12. Bg5 c4 13. dxc4 bxc4 14. Nbd2 Ba6 15. e5 Rab8 16. Rab1 Qc7 17. Bf6 Bxf6 18. exf6 Nc8 19. g4 Qf4 20. g5 e5 21. Nf1 e4 22. Qd2 Qxd2 23. N3xd2 Ne5 24. Ne3 Nd3 25. Red1 Rd8 26. b3 d4 27. cxd4 c3 28. Nxe4 Rxd4 29. Nxc3 Nb6 30. Ncd5 Nxd5 31. Nxd5 Rg4 32. f4 Nxf4 33. Nxf4 Rxf4 34. Rd6 Bb5 35. a4 Be8 36. Rbd1 Rf5 37. Rd8 Rxd8 38. Rxd8 Kf8 39. h4 Rc5 40. Bf1 a5 41. Bb5 Re5 42. Kf2 Re6 43. Kf3 1-0

[Event "BL2 Ost 1617 (Women)"]
[White "Reizniece Ozola, Dana"]
[Black "Kuckling, Hannah"]
[Site "Germany"]
[Round "5.1"]
[Result "1-0"]
[Date "2017.02.12"]
[WhiteElo "2243"]
[BlackElo "2043"]
[PlyCount "79"]
[EventDate "2016.10.22"]
[EventType "team-tourn"]
[EventRounds "7"]
[EventCountry "GER"]
[SourceTitle "EXT 2018"]
[Source "ChessBase"]
[SourceDate "2017.10.13"]
[SourceVersion "1"]
[SourceVersionDate "2017.10.13"]
[SourceQuality "1"]
[WhiteTeam "Zoerbig Loeberitz (W)"]
[BlackTeam "Paderborn (W)"]
[WhiteTeamCountry "GER"]
[BlackTeamCountry "GER"]

1. c4 e5 2. g3 Nc6 3. Bg2 f5 4. Nc3 Nf6 5. d3 Bb4 6. Bd2 Bxc3 7. Bxc3 d6 8. e3 0-0 9. Ne2 Qe8 10. 0-0 Qh5 11. Qd2 f4 12. exf4 Bh3 13. f3 Nd7 14. fxe5 Bxg2 15. Kxg2 Ndxe5 16. f4 Ng4 17. h3 Ne3+ 18. Qxe3 Rae8 19. Qf3 Rxe2+ 20. Rf2 Rxf2+ 21. Qxf2 Qg6 22. Qf3 Ne7 23. Re1 Nf5 24. Qd5+ Kh8 25. g4 Nh6 26. Qg5 Qxg5 27. fxg5 Ng8 28. Re6 Rd8 29. h4 d5 30. cxd5 Rxd5 31. Re8 Rd6 32. h5 h6 33. Be5 Rc6 34. g6 Rc5 35. d4 Rb5 36. g5 hxg5 37. Kf3 Rd5 38. Rc8 c5 39. h6 Rxe5 40. h7 1-0

[Event "BL2 Ost 1617 (Women)"]
[White "Lorenz, Nicole"]
[Black "Kuckling, Hannah"]
[Site "Germany"]
[Round "4.1"]
[Result "1-0"]
[Date "2017.01.22"]
[WhiteElo "1942"]
[BlackElo "2043"]
[PlyCount "109"]
[EventDate "2016.10.22"]
[EventType "team-tourn"]
[EventRounds "7"]
[EventCountry "GER"]
[SourceTitle "EXT 2018"]
[Source "ChessBase"]
[SourceDate "2017.10.13"]
[SourceVersion "1"]
[SourceVersionDate "2017.10.13"]
[SourceQuality "1"]
[WhiteTeam "Leipzig Lindenau (W)"]
[BlackTeam "Paderborn (W)"]
[WhiteTeamCountry "GER"]
[BlackTeamCountry "GER"]

1. e4 c5 2. Nf3 e6 3. c4 a6 4. Nc3 Qc7 5. Be2 d6 6. d4 cxd4 7. Nxd4 Nf6 8. 0-0 Be7 9. Be3 0-0 10. Qd2 Nbd7 11. f3 b6 12. Rfc1 Bb7 13. Kh1 Rac8 14. Bf1 Rfe8 15. Qf2 Qb8 16. a4 Bd8 17. b4 Ne5 18. Qa2 d5 19. cxd5 exd5 20. Nxd5 Nxd5 21. exd5 Nxf3 22. Nxf3 Rxe3 23. Qd2 Re8 24. Rxc8 Qxc8 25. d6 Qd7 26. b5 a5 27. Rd1 h6 28. Qd4 Re4 29. Qa1 Qg4 30. Re1 Rxe1 31. Qxe1 Bxf3 32. gxf3 Qxf3+ 33. Bg2 Qf6 34. Qe8+ Kh7 35. Be4+ g6 36. Kg2 Qg5+ 37. Kf3 Kg7 38. d7 Qh5+ 39. Ke3 Qh3+ 40. Kd4 Bf6+ 41. Kd5 Qc3 42. Qc8 Qe5+ 43. Kc6 Qxe4+ 44. Kxb6 Qh4 45. Kxa5 Bd8+ 46. b6 Qf6 47. Qc5 Qe6 48. Qd4+ f6 49. Kb5 Kf7 50. b7 Qb3+ 51. Ka6 Ke7 52. Ka7 Bb6+ 53. Qxb6 Qxa4+ 54. Qa6 Qxd7 55. Qc4 1-0